| 000 | 00670cam a22002052 4500 | ||
|---|---|---|---|
| 001 | 0000020947 | ||
| 005 | 20151021152600.0 | ||
| 008 | 120104s xx 000 0 eng d | ||
| 040 |
_aKABU _cKABU |
||
| 100 | 1 |
_aSimiyu, Nicholas T. T. _@0000161068 |
|
| 245 | 1 | 0 |
_aTaxation in Kenya : _b(principles and practice) / _cNicholas T. T. Simiyu. |
| 250 | _a6th ed. | ||
| 260 |
_aNairobi : _bFIP, _c2008. |
||
| 300 | _av, 400 p. | ||
| 650 | 0 |
_aTaxation _zKenya. _@0000152741 |
|
| 852 | 1 | _9p980 KES | |
| 852 | 1 | _9p980 KES | |
| 908 | _a120104 | ||
| 950 | _@1 | ||
| 999 |
_c1547 _d1547 |
||